Представление документа в формате MARC21

ПолеНазваниеЗначение
  Тип записи a
  Библиографический уровень m
001 Контрольный номер RU/URAIT/590298
005 Дата корректировки 20260429163706.9
008 Кодируемые данные 260429s2026 RU y f j 000 0 rus u
020 Индекс ISBN __
a ISBN 978-5-9916-3028-3
c Цена, тираж 1509.00
040 Источник каталогиз. __
a Служба первич. каталог. ИКО Юрайт
c Служба, преобразующая запись ИКО Юрайт
e Правила каталог. RCR
041 Код языка издания __
a Код языка текста rus
044 Код страны публикации __
a Код страны публикации RU
080 Индекс УДК __
a Индекс УДК 33(075.32)
084 Индекс другой классификации/Индекс ББК __
2 Источник индекса rubbk
a Индекс другой классификации/Индекс ББК 65.261я723
100 Автор __
a Автор Афанасьев М.
q Полное имя Афанасьев Мстислав
245 Заглавие __
a Заглавие Основы организации и функционирования бюджетной системы Российской Федерации
b Продолж. заглавия учебник для спо
c Ответственность М. П. Афанасьев, А. А. Беленчук, Н. Н. Шаш ; под редакцией М. П. Афанасьева.
250 Сведения об издании __
g пер. и доп
a Основные сведения об издании 7-е изд.
256 Характеристики компьютерного файла __
a Характеристики компьютерного файла Электрон. дан.
260 Выходные данные __
a Место издания Москва
b Издательство Юрайт
c Дата издания 2026
300 Физическое описание __
a Объем 276 с
440 Серия __
a Серия Профессиональное образование
500 Примечания __
a Примечание URL: https://urait.ru/bcode/590298 (дата обращения: 29.04.2026).
520 Аннотация __
a Аннотация В курсе рассмотрены основы организации и функционирования бюджетной системы. Дается представление о правовых основах бюджетной системы, бюджетном устройстве, принципах формирования бюджета. Рассказано о доходах и расходах, сбалансированности бюджета, а также о внебюджетных фондах. Соответствует актуальным требованиям федерального государственного образовательного стандарта среднего профессионального образования и профессиональным требованиям. Для студентов образовательных учреждений среднего профессионального образования.
538 Прим. о системных особенностях __
a Прим. о системных особенностях Режим доступа: Электронно-библиотечная система Юрайт, для авториз. пользователей
653 Ключевые слова __
a Ключевые слова Налоговая, таможенная, бюджетная системы. Государственные закупки
653 Ключевые слова __
a Ключевые слова Государственное и муниципальное управление
653 Ключевые слова __
a Ключевые слова Бюджетная система РФ
653 Ключевые слова __
a Ключевые слова Бюджетная система Российской Федерации
653 Ключевые слова __
a Ключевые слова Основы организации и функционирования бюджетной системы РФ
653 Ключевые слова __
a Ключевые слова Бюджетная система
653 Ключевые слова __
a Ключевые слова Бюджет и бюджетная система
653 Ключевые слова __
a Ключевые слова Основы организации и функционирования бюджетной системы Российской Федерации
700 Другие авторы __
a Другие авторы Беленчук А. А.
q Полное имя Беленчук Анна Александровна
700 Другие авторы __
a Другие авторы Шаш Н. Н.
q Полное имя Шаш Наталья Николаевна
856 Электронный адрес документа 40
n Местонахождение сервера Юрайт
g Электронная книга
q Тип электронного формата html
h Имя пользователя ЮРАЙТ
v Часы доступа к ресурсу 20271231
2 Способ доступа Показать документ
x Служебное примечание https://urait.ru/book/cover/E4D959E1-8F33-4176-B66F-95EB3563306A
u URL https://urait.ru/bcode/590298
856 Электронный адрес документа 48
q Тип электронного формата cover
u URL https://urait.ru/book/cover/E4D959E1-8F33-4176-B66F-95EB3563306A
911 __
u 0030=https://urait.ru/bcode/590298
911 __
u 073a=9785991630283
u 073d=1509.00
911 __
u 106a=s
911 __
u 900l=
952 Тип литературы __
i Дисциплина Бюджетная система РФ
952 Тип литературы __
i Дисциплина Бюджетная система Российской Федерации
952 Тип литературы __
i Дисциплина Основы организации и функционирования бюджетной системы РФ
952 Тип литературы __
i Дисциплина Бюджетная система
952 Тип литературы __
i Дисциплина Бюджет и бюджетная система
952 Тип литературы __
i Дисциплина Основы организации и функционирования бюджетной системы Российской Федерации